Black skin, white masks / (Record no. 174)

MARC details
000 -LEADER
campo de control de longitud fija 01728cam a2200349 a 4500
001 - NÚMERO DE CONTROL
campo de control 14533821
003 - IDENTIFICADOR DE NÚMERO DE CONTROL
campo de control MKLZXCBG
005 - FECHA Y HORA DE LA ÚLTIMA TRANSACCIÓN
campo de control 20220326193253.0
008 - DATOS DE LONGITUD FIJA--INFORMACIÓN GENERAL
campo de control de longitud fija 060905s2008 nyu b 000 0 eng
010 ## - NÚMERO DE CONTROL DE LA BIBLIOTECA DEL CONGRESO
Número de control de LC 2006049607
020 ## - NÚMERO INTERNACIONAL ESTÁNDAR DEL LIBRO
Número Internacional Estándar del Libro 9780802143006 (pbk.)
020 ## - NÚMERO INTERNACIONAL ESTÁNDAR DEL LIBRO
Número Internacional Estándar del Libro 0802143008 (pbk.)
035 ## - NÚMERO DE CONTROL DEL SISTEMA
Número de control de sistema (OCoLC)ocm71286732
040 ## - FUENTE DE CATALOGACIÓN
Centro catalogador/agencia de origen DLC
Centro/agencia transcriptor DLC
Centro/agencia modificador BAKER
-- BTCTA
-- YDXCP
-- C#P
-- BWX
-- VP@
-- ZLM
-- DLC
041 1# - CÓDIGO DE IDIOMA
Código de lengua del texto/banda sonora o título independiente eng
Código de lengua original fre
050 00 - SIGNATURA TOPOGRÁFICA DE LA BIBLIOTECA DEL CONGRESO
Número de clasificación GN645
Número de ítem .F313 2008
082 00 - NÚMERO DE LA CLASIFICACIÓN DECIMAL DEWEY
Número de clasificación 944
Número de ítem F214b
100 1# - ENTRADA PRINCIPAL--NOMBRE DE PERSONA
Nombre de persona Fanon, Frantz,
Fechas asociadas al nombre 1925-1961.
9 (RLIN) 838
240 10 - TÍTULO UNIFORME
Título uniforme Peau noire, masques blancs.
Lenguaje de la obra English
245 10 - MENCIÓN DEL TÍTULO
Título Black skin, white masks /
Mención de responsabilidad, etc. Frantz Fanon ; translated from the French by Richard Philcox.
250 ## - MENCION DE EDICION
Mención de edición 1st ed., new ed.
260 ## - PUBLICACIÓN, DISTRIBUCIÓN, ETC.
Lugar de publicación, distribución, etc. New York :
Nombre del editor, distribuidor, etc. Grove Press ;
Lugar de publicación, distribución, etc. [Berkeley, Calif.] :
Nombre del editor, distribuidor, etc. Distributed by Publishers Group West,
Fecha de publicación, distribución, etc. c2008.
300 ## - DESCRIPCIÓN FÍSICA
Extensión xviii, 206 p. ;
Dimensiones 21 cm.
504 ## - NOTA DE BIBLIOGRAFÍA, ETC.
Nota de bibliografía, etc. Includes bibliographical references.
505 0# - NOTA DE CONTENIDO CON FORMATO
Nota de contenido con formato The black man and language -- The woman of color and the white man -- The man of color and the white woman -- The so-called dependency complex of the colonized -- The lived experience of the black man -- The black man and the psychopathology -- The black man and recognition -- The black man and Adler -- The black man and Hegel.
650 #0 - PUNTO DE ACCESO ADICIONAL DE MATERIA--TÉRMINO DE MATERIA
Término de materia o nombre geográfico como elemento de entrada Black race
Subdivisión general Social conditions.
9 (RLIN) 839
650 #0 - PUNTO DE ACCESO ADICIONAL DE MATERIA--TÉRMINO DE MATERIA
Subdivisión general historia-colonial- europea
-- raza negra
-- condiciones sociales/psicologicas
9 (RLIN) 840
650 #0 - PUNTO DE ACCESO ADICIONAL DE MATERIA--TÉRMINO DE MATERIA
Término de materia o nombre geográfico como elemento de entrada Black race
Subdivisión general Psychology.
9 (RLIN) 841
856 42 - LOCALIZACIÓN Y ACCESO ELECTRÓNICOS
Materiales especificados Publisher description
Identificador Uniforme de Recursos <a href="http://www.loc.gov/catdir/enhancements/fy0712/2006049607-d.html">http://www.loc.gov/catdir/enhancements/fy0712/2006049607-d.html</a>
906 ## - ELEMENTOS DE DATOS F LOCAL, LDF (RLIN)
a 7
b cbc
c orignew
d 1
e ocip
f 20
g y-gencatlg
Holdings
Estatus retirado Estado de pérdida Fuente del sistema de clasificación o colocación Estado de daño No para préstamo Biblioteca de origen Biblioteca actual Ubicación en estantería Fecha de adquisición Total de préstamos Signatura topográfica completa Código de barras Visto por última vez Precio de reemplazo Tipo de ítem Koha
    Clasificación Decimal Dewey     Biblioteca LadoV Biblioteca LadoV   26/05/2014   944 F214b 000189 26/05/2014 26/05/2014 Material 01